Bomb bombastic (Record no. 80621)

MARC details
000 -LEADER
fixed length control field 00629nam a2200241 i 4500
001 - CONTROL NUMBER
control field C2-0272672
003 - CONTROL NUMBER IDENTIFIER
control field PPAK
005 - DATE AND TIME OF LATEST TRANSACTION
control field 20180728002201.0
008 - FIXED-LENGTH DATA ELEMENTS--GENERAL INFORMATION
fixed length control field 060809s2006 my |||| ||||| | may d
020 ## - INTERNATIONAL STANDARD BOOK NUMBER
International Standard Book Number 9838936820
040 ## - CATALOGING SOURCE
Original cataloging agency PPAK
Language of cataloging eng
Transcribing agency PPAK
Description conventions rda
082 04 - DEWEY DECIMAL CLASSIFICATION NUMBER
Classification number 899.233
Edition number 23
090 00 - LOCALLY ASSIGNED LC-TYPE CALL NUMBER (OCLC); LOCAL CALL NUMBER (RLIN)
Classification number (OCLC) (R) ; Classification number, CALL (RLIN) (NR) 899.233
Feature heading NAS
Feature heading G
100 0# - MAIN ENTRY--PERSONAL NAME
Personal name Nass Alina Noah,
Relator term author
245 10 - TITLE STATEMENT
Title Bomb bombastic
264 #1 - PRODUCTION, PUBLICATION, DISTRIBUTION, MANUFACTURE, AND COPYRIGHT NOTICE
Place of production, publication, distribution, manufacture Kuala Lumpur :
Name of producer, publisher, distributor, manufacturer Creative Enterprise ,
Date of production, publication, distribution, manufacture, or copyright notice 2006
300 ## - PHYSICAL DESCRIPTION
Extent 456 pages ;
Dimensions 19 cm
336 ## - CONTENT TYPE
Source rdacontent
Content type term text
337 ## - MEDIA TYPE
Source rdamedia
Media type term unmediated
338 ## - CARRIER TYPE
Source rdacarrier
Carrier type term volume
650 10 - SUBJECT ADDED ENTRY--TOPICAL TERM
Topical term or geographic name entry element Malay fiction
942 ## - ADDED ENTRY ELEMENTS (KOHA)
-- dc
Koha item type Book
Holdings
Withdrawn Not for loan Current library Shelving location Date acquired Total Checkouts Full call number Barcode Date last seen Date last checked out Koha item type
    Perpustakaan Awam Sungai Petani Pinjaman Dewasa 02/08/2006 1 899.233 NAS A01123170 22/12/2018 10/11/2018 Book
    Perpustakaan Baling Pinjaman Dewasa 02/08/2006 1 899.233 NAS A01123177 10/06/2019 15/05/2019 Book
    Perpustakaan Bandar Baharu Pinjaman Dewasa 02/08/2006   899.233 NAS A01123175 09/05/2018   Book
    Perpustakaan Bandar Baharu Pinjaman Dewasa 19/03/2007   899.233 NAS A01149661 09/05/2018   Book
    Perpustakaan Jitra Pinjaman Dewasa 02/08/2006   899.233 NAS A01123171 09/05/2018   Book
    Perpustakaan Jitra Pinjaman Dewasa 19/03/2007 1 899.233 NAS A01149655 26/08/2024 05/08/2024 Book
    Perpustakaan Kuala Nerang Pinjaman Dewasa 02/08/2006   899.233 NAS A01123178 09/05/2018   Book
    Perpustakaan Kulim Pinjaman Dewasa 19/03/2007   899.233 NAS A01149657 09/05/2018   Book